Vainqueurs des Grands Prix de F1 - 2000s - Statistiques

Statistiques générales
  • Ce quiz a été pris 27 fois
  • Le résultat moyen est 135 sur 174
Statistiques - réponses
Réponse % Correct
Michael Schumacher
100%
Michael Schumacher
100%
Michael Schumacher
100%
Michael Schumacher
94%
Fernando Alonso
88%
Fernando Alonso
88%
Lewis Hamilton
88%
Michael Schumacher
88%
Michael Schumacher
88%
Michael Schumacher
88%
Michael Schumacher
88%
Michael Schumacher
88%
Mika Häkkinen
88%
Mika Häkkinen
88%
Mika Häkkinen
88%
Mika Häkkinen
88%
Fernando Alonso
81%
Fernando Alonso
81%
Fernando Alonso
81%
Fernando Alonso
81%
Fernando Alonso
81%
Fernando Alonso
81%
Fernando Alonso
81%
Fernando Alonso
81%
Fernando Alonso
81%
Fernando Alonso
81%
Fernando Alonso
81%
Fernando Alonso
81%
Fernando Alonso
81%
Fernando Alonso
81%
Fernando Alonso
81%
Fernando Alonso
81%
Fernando Alonso
81%
Fernando Alonso
81%
Jenson Button
81%
Jenson Button
81%
Jenson Button
81%
Jenson Button
81%
Jenson Button
81%
Jenson Button
81%
Kimi Räikkönen
81%
Kimi Räikkönen
81%
Kimi Räikkönen
81%
Kimi Räikkönen
81%
Kimi Räikkönen
81%
Kimi Räikkönen
81%
Kimi Räikkönen
81%
Kimi Räikkönen
81%
Kimi Räikkönen
81%
Kimi Räikkönen
81%
Kimi Räikkönen
81%
Kimi Räikkönen
81%
Kimi Räikkönen
81%
Kimi Räikkönen
81%
Kimi Räikkönen
81%
Kimi Räikkönen
81%
Kimi Räikkönen
81%
Kimi Räikkönen
81%
Lewis Hamilton
81%
Lewis Hamilton
81%
Lewis Hamilton
81%
Lewis Hamilton
81%
Lewis Hamilton
81%
Lewis Hamilton
81%
Lewis Hamilton
81%
Lewis Hamilton
81%
Lewis Hamilton
81%
Lewis Hamilton
81%
Michael Schumacher
81%
Michael Schumacher
81%
Michael Schumacher
81%
Michael Schumacher
81%
Michael Schumacher
81%
Michael Schumacher
81%
Michael Schumacher
81%
Michael Schumacher
81%
Michael Schumacher
81%
Michael Schumacher
81%
Michael Schumacher
81%
Michael Schumacher
81%
Michael Schumacher
81%
Michael Schumacher
81%
Michael Schumacher
81%
Michael Schumacher
81%
Michael Schumacher
81%
Michael Schumacher
81%
Michael Schumacher
81%
Michael Schumacher
81%
Michael Schumacher
81%
Michael Schumacher
81%
Michael Schumacher
81%
Michael Schumacher
81%
Michael Schumacher
81%
Michael Schumacher
81%
Michael Schumacher
81%
Michael Schumacher
81%
Michael Schumacher
81%
Michael Schumacher
81%
Michael Schumacher
81%
Michael Schumacher
81%
Michael Schumacher
81%
Michael Schumacher
81%
Michael Schumacher
81%
Michael Schumacher
81%
Michael Schumacher
81%
Michael Schumacher
81%
Michael Schumacher
81%
Michael Schumacher
81%
Michael Schumacher
81%
Michael Schumacher
81%
Michael Schumacher
81%
Michael Schumacher
81%
Michael Schumacher
81%
Mika Häkkinen
81%
Mika Häkkinen
81%
Sebastian Vettel
81%
Sebastian Vettel
81%
Sebastian Vettel
81%
Sebastian Vettel
81%
Sebastian Vettel
81%
Felipe Massa
75%
Felipe Massa
75%
Felipe Massa
75%
Felipe Massa
75%
Felipe Massa
75%
Felipe Massa
75%
Felipe Massa
75%
Felipe Massa
75%
Felipe Massa
75%
Felipe Massa
75%
Fernando Alonso
75%
Mark Webber
75%
Mark Webber
75%
Michael Schumacher
75%
Michael Schumacher
75%
Ralf Schumacher
75%
Ralf Schumacher
75%
Ralf Schumacher
75%
Ralf Schumacher
75%
Ralf Schumacher
75%
Ralf Schumacher
75%
Rubens Barrichello
75%
Felipe Massa
69%
Rubens Barrichello
69%
Rubens Barrichello
69%
Rubens Barrichello
69%
Rubens Barrichello
69%
Rubens Barrichello
69%
Rubens Barrichello
69%
David Coulthard
63%
David Coulthard
63%
David Coulthard
63%
Jenson Button
63%
Juan Pablo Montoya
63%
Juan Pablo Montoya
63%
Juan Pablo Montoya
63%
Juan Pablo Montoya
63%
Juan Pablo Montoya
63%
Juan Pablo Montoya
63%
Juan Pablo Montoya
63%
Robert Kubica
63%
Rubens Barrichello
63%
Rubens Barrichello
63%
Rubens Barrichello
63%
Rubens Barrichello
63%
David Coulthard
56%
David Coulthard
56%
David Coulthard
56%
David Coulthard
56%
Giancarlo Fisichella
56%
Giancarlo Fisichella
50%
Giancarlo Fisichella
50%
Heikki Kovalainen
50%
Jarno Trulli
50%
Aucun quiz correspondant
Distribution des résultats
% des personnes avec chaque résultat
Percentile par nombre de réponses
Votre historique - résultats
Vous n’avez pas pris ce quiz